Virtuálna mena vo svete a vplyv vírusu COVID-19

Častejšie využívanie virtuálnych mien. Výhody virtuálnych mien pred reálnymi peňažnými prostriedkami, ale aj nedostatky virtuálnej meny. Typy virtuálnej meny. Vplyv vírusu COVID-19 na virtuálnu menu Bitcoin.

Uložené v:
Podrobná bibliografia
Hlavný autor: Kopčáková, Janka, 1994-
Ďalší autori: Potoma, Radoslav, 1992-
Médium: Kapitola
Jazyk:Slovak
Predmet:
Tagy: Pridať tag
Žiadne tagy, Buďte prvý, kto otaguje tento záznam!

MARC

LEADER 00000naa a2200000 4500
001 0271439
005 20240502074255.1
041 0 |a slo 
044 |a SK 
245 1 0 |a Virtuálna mena vo svete a vplyv vírusu COVID-19  |c Janka Kopčáková, Radoslav Potoma 
520 |a Častejšie využívanie virtuálnych mien. Výhody virtuálnych mien pred reálnymi peňažnými prostriedkami, ale aj nedostatky virtuálnej meny. Typy virtuálnej meny. Vplyv vírusu COVID-19 na virtuálnu menu Bitcoin. 
610 2 0 |a mena virtuálna 
610 2 0 |a koronavírus 
610 2 0 |a pandémia 
610 2 0 |a typológia 
100 1 |a Kopčáková, Janka, 1994- 
700 1 |a Potoma, Radoslav, 1992-